Legal interpretation: Schools of jurisprudence, and anthropology: Some remarks from a German point of view

Gespeichert in:  
Bibliographische Detailangaben
1. VerfasserIn: Brugger, Winfried 1950-2010 (Verfasst von)
Medienart: Druck Aufsatz
Sprache:Englisch
Veröffentlicht: 1994
In: The American journal of comparative law
Jahr: 1994, Heft: 2, Seiten: 395-421
Verfügbarkeit prüfen: HBZ Gateway
Schlagwörter:

MARC

LEADER 00000caa a22000002c 4500
001 1525797530
003 DE-627
005 20240705211748.0
007 tu
008 160223s1994 xx ||||| 00| ||eng c
035 |a (DE-627)1525797530 
035 |a (DE-576)455797536 
035 |a (DE-599)BSZ455797536 
035 |a (OCoLC)1340900811 
040 |a DE-627  |b ger  |c DE-627  |e rakwb 
041 |a eng 
100 1 |a Brugger, Winfried  |d 1950-2010  |0 (DE-588)115418318  |0 (DE-627)077240499  |0 (DE-576)160453593  |4 aut 
109 |a Brugger, Winfried 1950-2010  |a Brugger, Winfried Bruno 1950-2010 
245 1 0 |a Legal interpretation: Schools of jurisprudence, and anthropology: Some remarks from a German point of view  |c Winfried Brugger 
264 1 |c 1994 
300 |a 27 
336 |a Text  |b txt  |2 rdacontent 
337 |a ohne Hilfsmittel zu benutzen  |b n  |2 rdamedia 
338 |a Band  |b nc  |2 rdacarrier 
773 0 8 |i In  |t The American journal of comparative law  |d Cary, NC : Oxford University Press, 1952  |g (1994), 2, Seite 395-421  |w (DE-627)129551066  |w (DE-600)219388-7  |w (DE-576)015004724  |x 0002-919X  |7 nnas 
773 1 8 |g year:1994  |g number:2  |g pages:395-421  |g extent:27 
935 |a mkri 
951 |a AR 
ELC |b 1 
LOK |0 000 xxxxxcx a22 zn 4500 
LOK |0 001 2899248278 
LOK |0 003 DE-627 
LOK |0 004 1525797530 
LOK |0 005 20160223094834 
LOK |0 008 160208||||||||||||||||ger||||||| 
LOK |0 040   |a DE-21-110  |c DE-627  |d DE-21-110 
LOK |0 689   |a s  |a Rechtsdogmatik 
LOK |0 852   |z Kein Bestand am IfK; Nachweis für KrimDok 
LOK |0 852   |a DE-21-110 
LOK |0 852 1  |m v  |9 00 
LOK |0 935   |a k110 
LOK |0 938   |k v 
LOK |0 939   |a 08-02-16  |b l01 
ORI |a SA-MARC-krimdoka001.raw